| 000 | 00874nam a22002897a 4500 | ||
|---|---|---|---|
| 001 | BR7602232 | ||
| 003 | BR-BrBNA | ||
| 005 | 20230928084944.0 | ||
| 007 | ta | ||
| 008 | 230509b bl.||||| |||| 00| 0 por d | ||
| 040 |
_aBR-BrBNA _bpor _cBiblioteca Nacional de Agricultura |
||
| 041 | _a(Por) | ||
| 072 |
_aE30 _b/G514 |
||
| 090 | _ E30 BR7602232 | ||
| 110 | 1 |
_aUnidade Regional de Supervisao Norte de Planejamento Agricola, Belem, PA (Brasil) _910410 |
|
| 245 | 1 | _aConsolidacao do plano anual de producao e abastecimento da regiao norte - 1977 [Brasil] | |
| 260 | 3 |
_aBelem, PA (Brasil): _c1976. |
|
| 300 | _a53 p. | ||
| 500 | _a11 tables | ||
| 650 | _aPlanejamento agricola | ||
| 650 | _aPlanejamento economico | ||
| 650 | _aAbastecimento | ||
| 650 | _aProjeto de desenvolvimento | ||
| 650 | _aNorte | ||
| 909 |
_a202309 _bLucia _c55 _dLucia Elande |
||
| 942 | _cBK | ||
| 999 |
_c22088 _d22088 |
||